|
|
|
|
| LEADER |
00000cam a2200000 7i4500 |
| 001 |
0000001693 |
| 005 |
20011025.0 |
| 090 |
0 |
0 |
|a 591.95981
|b GRI 1989
|
| 100 |
1 |
0 |
|a GRIFFITHS
|h Michael
|c 1928-
|
| 245 |
1 |
0 |
|a Indonesian Eden :
|b Aceh's rainforest
|c text & photographs by Michael Griffiths
|
| 260 |
0 |
0 |
|a Indonesia :
|b Mobil ,
|c 1989
|
| 300 |
|
|
|a 111 p. :
|b col. ill. ;
|c 34 cm.
|
| 650 |
0 |
0 |
|a Rain forest animals
|z Indonesia
|z Aceh
|x Pictorial works
|
| 650 |
0 |
0 |
|a Rain forests
|z Indonesia
|z Aceh
|
| 998 |
|
|
|a JPSM
|
| 999 |
|
|
|a 0000002555
|b Monograph
|c Open Shelf
|e Default branch
|